Stanovenie marginálnych merných nákladov na spracovanie suroviny na Etylénovej jednotke

Salvato in:
Dettagli Bibliografici
Autore principale: Král, Filip (Autore)
Altri autori: Variny, Miroslav, 1984- (Relatore della tesi)
Natura: Manoscritto Libro
Lingua:slovacco
Soggetti:
Accesso online:http://is.stuba.sk/zp/portal_zp.pl?podrobnosti=83862
Tags: Aggiungi Tag
Nessun Tag, puoi essere il primo ad aggiungerne!!

MARC

LEADER 00000ntm a22000003a 4500
001 stuzp46999
003 SK-STU
005 20160229160115.9
007 ta
008 150427s2015----xo-----f-mn---000-0-slo-d
040 |a STU  |b slo 
041 0 |a slo 
100 1 |a Král, Filip  |u 046230  |4 aut  |U FCHPT Ústav chemického a environmentálneho inžinierstva  |T FCHPT Oddelenie chemického a biochemického inžinierstva  |X 44288  |U C6230  |Y 119  |7 44288 
242 0 1 |a Determination of Marginal Costs of Processing Raw Material in Ethylene Unit  |y eng 
245 1 0 |a Stanovenie marginálnych merných nákladov na spracovanie suroviny na Etylénovej jednotke 
650 4 |a energetické médiá  |2 slo 
650 4 |a náklady  |2 slo 
650 4 |a komplexnosť  |2 slo 
650 4 |a energy commodities  |2 eng 
650 4 |a complexity  |2 eng 
650 4 |a costs  |2 eng 
700 1 |a Variny, Miroslav,  |d 1984-  |4 ths  |X 25916  |7 A000025916 
856 4 |u http://is.stuba.sk/zp/portal_zp.pl?podrobnosti=83862 
SQL |a stuzp46999  |b DBP  |c SLO  |d Stanovenie marginálnych merných nákladov na spracovanie suroviny na Etylénovej jednotke  |e 44288  |f Král, Filip  |g 046230  |h 25916  |i Variny, Miroslav  |j 20140715  |k 106  |l 04  |m http://is.stuba.sk/zp/portal_zp.pl?podrobnosti=83862